000 00493pam a2200193 a 4500
020 _c
040 _aMedical College Libr
041 _aENG
_hENG
082 _a617.7059
_bPAL
100 _aVajpayee , R. B. .
245 _aHand book of Lasik Surgery /
_c
_hTextual Documents
260 _a :
_bJaypee Brothers Med. Pub. ,
_c2000.
300 _a386 ;
_c
365 _a350.00
653 _aMedical Science
930 _a682
999 _c681
_d681